| 000 | 00787nam a22002535a 4500 | ||
|---|---|---|---|
| 005 | 20161116115927.0 | ||
| 008 | 161116t2016 nyua fr 001 0 eng d | ||
| 020 | _a9781259921506 | ||
| 020 | _a1259921506 | ||
| 040 |
_aEG-ScBUE _beng _cEG-ScBUE _dEG-ScBUE |
||
| 082 | 0 | 4 |
_222 _a657.046 _bCHR |
| 100 | 1 | _aChristensen, Theodore. | |
| 245 | 1 | 0 |
_aAdvanced financial accounting / _cTheodore Christensen, David M. Cottrell, Cassy JH Budd. |
| 260 |
_aNew York : _bMcGraw Hill Education, _cc.2016. |
||
| 300 |
_axxxi, 1100 p. : _bill. ; _c28 cm. |
||
| 500 | _aIndex : p. 1078-1100. | ||
| 650 | 7 |
_2BUEsh _99036 _aAccounting. |
|
| 651 | _2BUEsh | ||
| 653 |
_bBUSADM _cNovember2016 |
||
| 655 |
_vText book _933728 |
||
| 700 | 1 | _aCottrell, David M. | |
| 700 | 1 | _aBudd, Cassy JH. | |
| 942 | _2ddc | ||
| 999 |
_c23166 _d23138 |
||